[Event "BCF Ch"]
[Site "Morecambe"]
[Date "1981.08.08"]
[Round "6"]
[White "Littlewood, John E"]
[Black "Hawksworth, John C"]
[Result "1-0"]
[WhiteElo "2395"]
[BlackElo "2220"]
[PlyCount "63"]
[EventDate "1981.08.03"]
[Source "www.chesslib.no"]
[SourceDate "2004.05.04"]

1. e4 e5 2. Nf3 Nc6 3. Bb5 a6 4. Ba4 Nf6 5. Qe2 Be7 6. O-O O-O 7. Bxc6 dxc6 8. Nxe5 Re8 9. d3 c5 10. Nc3 Bd6 11. Nc4 b5 12. Nxd6 cxd6 13. Bg5 h6 14. Bxf6 Qxf6 15. Nd5 Qd8 16. Rfe1 Bb7 17. Ne3 d5 18. exd5 Bxd5 19. Qh5 Bb7 20. Qxc5 Qf6 21. Qc3 Qg5 22. Qc7 Re7 23. Qg3 Qf6 24. Ng4 Rxe1+ 25. Rxe1 Qc6 26. c3 f5 27. Ne5 Re8 28. f3 Qe6 29. a3 Qf6 30. Nd7 Rxe1+ 31. Qxe1 Qg6 32. Qe7 1-0